000 00352nam a2200121 a 4500
005 20140414131904.0
008 100915s19uu xx 00 eng d
050 _aFIC
_bP11 1999
100 _aPacis, Carla
245 _aO.C.W :
_ba young boy's search for his mother.
260 _aManila, Philippines :
_bCacho Publishing House,
_c1999.
999 _c110852
_d110852